Länder Südamerikas nach Bevölkerungsdichte (beliebige Reihenfolge) - Statistiken

Allgemein
  • Dieses Quiz wurde 3 mal gespielt
  • Das Durchschnittsergebnis liegt bei 10 aus 12
Antwortstatistiken
Hint Antwort % Korrekt
16,6 EW/km² Argentinien
100%
11,1 EW/km² Bolivien
100%
25,2 EW/km² Brasilien
100%
26,2 EW/km² Chile
100%
63,5 EW/km² Ecuador
100%
16,7 EW/km² Paraguay
100%
3,66 EW/km² Suriname
100%
31 EW/km² Venezuela
100%
43,1 EW/km² Kolumbien
67%
26 EW/km² Peru
67%
163 EW/km² Guatemala
33%
51,3 EW/km² Nicaragua
33%
Keine übereinstimmenden Quizze gefunden
Verteilung der Resultate
Anzahl Personen mit jedem Resultat
Perzentil nach korrekt beantworteten Fragen
Ihre Resultats-Entwicklung
Sie haben dieses Quiz noch nicht gespielt